| 000 | 01385nam0a22003131 4500 | ||
|---|---|---|---|
| 001 | rc\4251676 | ||
| 005 | 20130416114058.4 | ||
| 021 |
_aRU _b[64-60852] |
||
| 035 | _a(NLR Aleph) 008476700 | ||
| 090 |
_a7964179 _c7964179 |
||
| 100 | _a20130416d1964 |||y0rusy50 ca | ||
| 101 | 0 | _arus | |
| 102 | _aRU | ||
| 105 | _aa z ||||| | ||
| 200 | 1 |
_aМетоды расчета и оценки прочности нежестких дорожных одежд _fМоск. автомоб.-дор. ин-т. Отд-ние усовершенствования руководящих и инж-техн. работников |
|
| 210 |
_a[Москва] _cВысш. школа _d1964 |
||
| 215 |
_a51 с. _cил. _d22 |
||
| 300 | _aПеред загл. авт.: В.И. Барздо, В.Г. Фирстов, Ю.М. Яковлев | ||
| 320 | _aБиблиогр.: с. 49-50 (25 назв.) | ||
| 606 |
_aДорожные покрытия _xРасчет _2psbo |
||
| 606 |
_aДорожные покрытия _xПрочность _xОпределение _2psbo |
||
| 700 | 1 |
_aБарздо _bВ. И. _gВладимир Иванович |
|
| 701 | 1 |
_aЯковлев _bЮ. М. _gЮрий Михайлович |
|
| 701 | 1 |
_aФирстов _bВ. Г. _gВладимир Григорьевич |
|
| 801 | 0 |
_aRU _bNLR _gpsbo |
|
| 801 | 1 |
_aRU _bELAR _2rusmarc |
|
| 852 |
_aNLR _j64-6/8901 |
||
| 942 | _cBOOK | ||
| 980 | _aNB | ||